| 000 | 00405ari a2200145 4500 | ||
|---|---|---|---|
| 005 | 20241004090949.0 | ||
| 008 | 150327b xxu||||| |||| 00| 0 spa d | ||
| 245 | _aBattleship | ||
| 300 | _bBase con cuadrĂcula, 8 naves de plástico, 60 clavijas rojas, 140 clavijas blancas | ||
| 650 | _aJUEGOS DE MESA | ||
| 650 | _aBATTLESHIP | ||
| 650 | _aESTRATEGIA | ||
| 650 | _aENTRETENIMIENTO | ||
| 942 |
_cJM _2ddc |
||
| 999 |
_c11997 _d11997 |
||